[Event "British Columbia op"]
[Site "Richmond"]
[Date "2014.02.09"]
[Round "3.5"]
[White "Yu, Robin"]
[Black "Doknjas, Joshua"]
[Result "0-1"]
[WhiteElo "1976"]
[BlackElo "1997"]
[PlyCount "102"]
[EventDate "2014.02.08"]
[EventType "swiss"]
[EventRounds "6"]
[EventCountry "CAN"]
[SourceTitle "EXT 2022"]
[Source "ChessBase"]
[SourceDate "2021.10.06"]
[SourceVersion "1"]
[SourceVersionDate "2021.10.06"]
[SourceQuality "1"]

1. d4 d5 2. c4 dxc4 3. Nc3 Nf6 4. e4 e5 5. Nf3 exd4 6. Qxd4 Qxd4 7. Nxd4 Bb4 8. f3 Bc5 9. Be3 Bxd4 10. Bxd4 Be6 11. Bxf6 gxf6 12. Nd5 Bxd5 13. exd5 Nd7 14. Bxc4 0-0-0 15. Kf2 Nb6 16. b3 Nxd5 17. Rhd1 c6 18. Bxd5 Rxd5 19. Rxd5 cxd5 20. Rd1 Rd8 21. Ke3 Kc7 22. Kd4 Kd6 23. Rd2 Rc8 24. Kd3 Rc1 25. Re2 Kd7 26. Kd2 Rc8 27. Kd3 Kd6 28. Kd4 Rc1 29. Kd3 Kc5 30. Re7 Rd1+ 31. Kc2 Ra1 32. Rxf7 Rxa2+ 33. Kd3 Rxg2 34. Rxh7 b5 35. Rxa7 Rxh2 36. Ra6 f5 37. Rf6 b4 38. Rxf5 Rb2 39. Rf8 Rxb3+ 40. Kd2 Kc4 41. f4 Kd4 42. f5 Ke5 43. f6 Rf3 44. f7 Kd4 45. Rb8 Rf2+ 46. Ke1 Rxf7 47. Rxb4+ Kc3 48. Rh4 d4 49. Rh8 Ra7 50. Rh3+ d3 51. Rh8 d2+ 0-1

[Event "CAN-ch U14"]
[Site "Ottawa"]
[Date "2013.07.10"]
[Round "1"]
[White "Lachance, Tristan"]
[Black "Yu, Robin"]
[Result "0-1"]
[WhiteElo "937"]
[BlackElo "1751"]
[PlyCount "100"]
[EventDate "2013.07.10"]
[EventType "swiss"]
[EventRounds "6"]
[EventCountry "CAN"]
[SourceTitle "EXT 2022"]
[Source "ChessBase"]
[SourceDate "2021.10.06"]
[SourceVersion "1"]
[SourceVersionDate "2021.10.06"]
[SourceQuality "1"]

1. e4 Nf6 2. e5 Nd5 3. Nf3 d6 4. c4 Nb6 5. Nc3 Nc6 6. d4 Bg4 7. Qe2 Nxd4 8. Qe4 Nxf3+ 9. gxf3 Bc8 10. Bf4 e6 11. 0-0-0 Be7 12. Nb5 d5 13. Qc2 a6 14. Nc3 c6 15. Rg1 Kf8 16. Bd3 h6 17. b3 Qc7 18. Rg2 f5 19. Rdg1 dxc4 20. bxc4 a5 21. Rxg7 Ba3+ 22. Kd1 Qxg7 23. Rxg7 Kxg7 24. Qb3 Bc5 25. Be3 Nd7 26. f4 Bxe3 27. fxe3 Nc5 28. Qc2 Rd8 29. Qg2+ Kf7 30. Ke2 Nxd3 31. Na4 Nc1+ 32. Kf3 Nd3 33. Qe2 b5 34. cxb5 cxb5 35. Nb6 Rb8 36. Nxc8 Rbxc8 37. h4 Rc3 38. Qd2 Nxe5+ 39. Ke2 Rxd2+ 40. Kxd2 Ra3 41. Ke1 Rxa2 42. fxe5 a4 43. Kd1 a3 44. Kc1 Rb2 45. h5 b4 46. Kd1 b3 47. Kc1 Ke7 48. Kd1 a2 49. Kc1 Rc2+ 50. Kd1 a1Q# 0-1

[Event "British Columbia op"]
[Site "Richmond"]
[Date "2013.02.10"]
[Round "2"]
[White "Doknjas, John"]
[Black "Yu, Robin"]
[Result "1-0"]
[WhiteElo "2094"]
[BlackElo "1629"]
[PlyCount "109"]
[EventDate "2013.02.09"]
[EventType "swiss"]
[EventRounds "5"]
[EventCountry "CAN"]
[SourceTitle "EXT 2014"]
[Source "ChessBase"]
[SourceDate "2013.11.20"]
[SourceVersion "1"]
[SourceVersionDate "2013.11.20"]
[SourceQuality "1"]

1. d4 Nf6 2. c4 e6 3. Nc3 d5 4. Bg5 c6 5. Nf3 Be7 6. e3 Nbd7 7. Bd3 dxc4 8. Bxc4 b5 9. Bd3 Bb7 10. 0-0 a6 11. Bxf6 Nxf6 12. Ne4 Nxe4 13. Bxe4 Qb6 14. Ne5 f6 15. Qh5+ Kd8 16. Nf7+ Kc7 17. Nxh8 Rxh8 18. Qf7 Kd6 19. Qxg7 Qd8 20. Qg3+ Kd7 21. f4 Rg8 22. Qf2 h5 23. Rac1 Kc7 24. Rc2 Bd6 25. Qf3 Qe8 26. Rfc1 e5 27. Bxc6 Bxc6 28. Qxc6+ Qxc6 29. Rxc6+ Kd7 30. fxe5 fxe5 31. Rxa6 exd4 32. exd4 Bf4 33. Re1 Rc8 34. Ra7+ Kd6 35. Rae7 Rc2 36. R7e2 Rc4 37. Re5 Bxe5 38. Rxe5 Rxd4 39. Rxb5 Kc6 40. Rxh5 Rd2 41. b4 Rxa2 42. b5+ Kb6 43. h4 Rb2 44. Kh2 Kc7 45. Rd5 Rf2 46. h5 Rf6 47. Kh3 Rf4 48. h6 Rf6 49. Rh5 Rf8 50. h7 Rh8 51. g4 Kd7 52. b6 Kc6 53. g5 Kxb6 54. g6 Kc7 55. g7 1-0

[Event "CAN-ch U12"]
[Site "Vancouver"]
[Date "2012.07.06"]
[Round "7"]
[White "Jayaweera, Lahiru"]
[Black "Yu, Robin"]
[Result "1/2-1/2"]
[WhiteElo "1125"]
[BlackElo "1293"]
[PlyCount "36"]
[EventDate "2012.07.03"]
[EventType "swiss"]
[EventRounds "7"]
[EventCountry "CAN"]
[SourceTitle "EXT 2022"]
[Source "ChessBase"]
[SourceDate "2021.10.06"]
[SourceVersion "1"]
[SourceVersionDate "2021.10.06"]
[SourceQuality "1"]

1. d4 d5 2. c4 c6 3. Nf3 Nf6 4. Nc3 e6 5. Bg5 Be7 6. e3 Nbd7 7. Bd3 0-0 8. 0-0 dxc4 9. Bxc4 b5 10. Bd3 Bb7 11. Qd2 h6 12. Bh4 a6 13. Ne4 Nxe4 14. Bxe7 Qxe7 15. Bxe4 Rac8 16. Rac1 Nf6 17. Bd3 Nd5 18. Be4 Nf6 1/2-1/2